[Event "Monaco m"]
[Site "Monte Carlo"]
[Date "1997.09.11"]
[Round "2"]
[White "Van Wely, Loek"]
[Black "Piket, Jeroen"]
[Result "1-0"]
[WhiteElo "2655"]
[BlackElo "2630"]
[Annotator "Mikhalevski,V"]
[PlyCount "85"]
[EventDate "1997.09.10"]
[EventType "match"]
[EventRounds "8"]
[EventCountry "MNC"]
[SourceTitle "CBM 061"]
[Source "ChessBase"]
[SourceDate "1997.11.23"]
[SourceVersion "1"]
[SourceVersionDate "1997.11.23"]
[SourceQuality "1"]

1. e4 e5 2. Nf3 Nc6 3. d4 exd4 4. Nxd4 Bc5 5. Be3 Qf6 6. c3 Nge7 7. Bc4 Qg6 8.
O-O Ne5 9. Be2 d6 10. Kh1 Qxe4 ({Black usually played} 10... O-O 11. f4 (11. f3
Kh8 12. Nd2 d5 13. Bf4 f6 14. h3 Bb6 15. Bh2 dxe4 16. fxe4 Qe8 17. Nc4 Nxc4 18.
Bxc4 Nc6 19. Nxc6 Qxc6 20. Qd5 Qxd5 21. exd5 Bd7 22. a4 a5 23. Bb5 Rad8 24.
Bxd7 Rxd7 25. c4 Bc5 26. Rfe1 Kg8 27. Bg1 Bxg1 28. Kxg1 Kf7 29. Ra3 Re8 30.
Rae3 Rxe3 31. Rxe3 Re7 32. Kf2 b6 33. Rd3 Re4 34. b3 Ke7 35. Kf3 Re1 36. Kf2
Re4 37. Kf3 Re1 38. Kf2 Re5 39. Rg3 g6 40. Rf3 Re4 {1/2-1/2 Richter,
O-Souleidis,G/BL2-W 1994}) ({Svidler} 11. Nd2 {is the main move of 10...0-0
line} Ng4 12. Bf4 Nf6 (12... Qf6 13. Bg3 Bxd4 14. Bxg4 $14) 13. Bd3 (13. f3 $5
Nh5 14. Be3 f5 $13) 13... Qg4 $1 14. Qxg4 Nxg4 15. b4 Bxd4 $6 (15... Bb6 $132)
16. cxd4 Nc6 17. Rac1 $2 (17. d5 Nxb4 18. Be2 Re8 19. Rfc1 Re7 20. Rab1 a5 21.
a3 Na6 22. Bxg4 Bxg4 23. Rxb7 Kf8 24. Be3 $14 {>< Na6}) 17... Nxd4 $1 18. h3 (
18. Rxc7 Ne6 19. Bxd6 Rd8 $19) 18... Ne5 (18... Nf6 19. Be3 Ne6 20. f4 $44) 19.
Bxe5 dxe5 20. Rxc7 Ne6 (20... Rd8 21. Rfc1 Ne6 22. R7c3 Nf4 23. Bf1 Be6 24. Nf3
f6 $10) 21. Rc3 Nf4 22. Bc4 Be6 23. g3 $5 Bxh3 $6 (23... Bxc4 24. Nxc4 Nxh3 $1
25. Nxe5 $8 Ng5 26. f3 Ne6 $10) 24. Rg1 $1 (24. gxf4 $2 Bxf1 25. Bxf1 Rac8 $1
$15) 24... Ne6 25. g4 Nf4 26. Kh2 (26. Nf3 b5 $1 $8 27. Bxb5 f6 28. Bc4+ Kh8
29. Kh2 h5 30. gxh5 Rac8 $13) 26... Rac8 27. Rxh3 Rfd8 28. Bd5 Rc2 29. Rd1 Nxh3
(29... Nxd5 30. Rd3 $18) 30. Kxh3 $14 Kf8 31. Kg2 f6 32. Nf1 $1 Rxa2 $2 33. Rc1
Rb2 34. Rc7 Rxb4 35. Ne3 $1 $18 Rb6 36. Nf5 g6 37. Rf7+ {1-0 Svidler,
P-Arkhipov,S/RUS-ch Elista 1994}) 11... Ng4 (11... Qxe4 12. Nd2 Qxe3 13. Nc2
Ng4 14. Nxe3 Nxe3 15. Qa4 Nxf1 16. Rxf1 Nd5 17. Bf3 Ne3 18. Re1 Bf5 19. b4 Bb6
20. Bxb7 Rae8 21. Bc6 Re6 22. h3 d5 23. Bd7 Bc2 24. Qa3 Rg6 25. g4 Bd3 26. Kh2
Nc2 27. Qc1 Rd8 28. Bf5 Nxe1 29. Bxg6 Re8 30. Bxd3 Nxd3 31. Qf1 Re3 32. c4 c6
33. b5 Bc7 34. bxc6 Nxf4 35. cxd5 Re2+ 36. Kh1 {Berg,E-Acs,P/EU-chJM U16
Rimavska Sobota 1996/1-0 (65)}) 12. Bg1 f5 13. exf5 Nxf5 14. Bxg4 Ng3+ 15. hxg3
Bxg4 16. Qb3+ Kh8 17. Nf3 Bxf3 18. Rxf3 Qh5+ 19. Bh2 Rf6 20. Nd2 {0-1 Grosar,
K-Basagic,V/Bled opW 1993}) 11. Nd2 Qg6 12. Nb5 O-O 13. Nxc7 Rb8 14. Bf4 Bd7
$146 {/\Bc6} ({In the first game of 10...Q:e4 line black tried} 14... Bf5 15.
Nb3 Bb6 16. Nb5 Rbd8 17. Qd2 N7c6 18. Be3 Bxe3 19. Qxe3 Rfe8 20. Qd2 d5 21.
Rae1 Nc4 22. Qc1 Be4 23. f3 Bf5 24. Bxc4 dxc4 25. N3d4 Nxd4 26. Nxd4 Bd3 27.
Rxe8+ Rxe8 28. Re1 Rxe1+ 29. Qxe1 h6 30. Qe8+ Kh7 31. Qb5 Qf6 32. Qxb7 Qg5 33.
h3 Qc1+ {1/2-1/2 Lautier,J-Van der Sterren,P/Amsterdam Donner mem-A 1994/CBM
43/[Ftacnik]}) 15. Nb3 Bc6 16. Bg3 Bb6 17. Nb5 Nf5 18. N3d4 Nxg3+ 19. fxg3 {
/\20.Bh5 Qh6 21.Nf5} Be4 (19... Rbd8 $5) 20. Bh5 Qh6 21. Bf3 d5 $5 (21... Bxf3
$142 22. gxf3 Qf6 $11 (22... Qg6 $5) (22... Nc4 $6 23. Qe2 d5 24. Rfe1 $14))
22. Bxe4 dxe4 23. Qe2 e3 (23... Nd3 24. Qxe4 Nxb2 25. Nf5 Qg5 26. Nbd6 $16) 24.
Nf5 Qe6 $2 (24... Qg5 $142 25. Nbd4 $1 (25. Nbd6 {/\Ne4} Kh8 $1 $13 {[]}) 25...
Rbd8 (25... Rfe8 26. h4 (26. Qxe3 Qxe3 27. Nxe3 Nd3 $11) 26... Qg6 27. Qxe3 $14
) 26. Rae1 $1 Bxd4 $1 27. Nxd4 Nc6 $1 28. Nxc6 (28. Qxe3 Qxe3 29. Rxe3 Nxd4 30.
cxd4 Rxd4 31. Re7 Rb4 $11) 28... bxc6 29. Qxe3 Qxe3 30. Rxe3 Rd2 $14 {/=}) 25.
Nbd4 Bxd4 26. Nxd4 Qb6 27. Qxe3 $16 Rbe8 (27... Nc4 28. Qe2) 28. Qf2 (28. b3 $5
) 28... g6 (28... Ng4 29. Qf4 (29. Qf3 Ne5 30. Qe2 Nc6 31. Qf2 Nxd4 32. cxd4)
29... Ne3 30. Rf2 $16) 29. h3 Nd3 30. Qf3 Nc5 (30... Nxb2 $2 31. Rab1 $18) 31.
b3 $6 Ne4 {><c3} 32. Rad1 Qc7 33. Rd3 f5 $44 34. Qf4 $6 (34. c4) 34... Qb6 35.
c4 $6 g5 $2 (35... Rd8 $142 36. Rfd1 (36. Qe5 Nxg3+) 36... Nc5 37. Re3 (37.
R3d2 Ne4 38. Rd3 Nc5) 37... Ne4 38. Red3 Nc5 $11) 36. Qc1 (36. Qf3 f4 $1) 36...
Qa5 (36... Rd8 37. Qe3 Qg6 $5 $44 {/\f4!}) 37. Kh2 $1 (37. Qc2 $6 Qe5 38. Ne2
Rd8 $1) 37... Qe5 38. Rff3 (38. Qe3 $5) 38... h5 $2 (38... Rd8 $142) 39. Nxf5
$1 $18 h4 (39... Rxf5 40. Rd5) 40. Rd5 Qc7 41. Qe3 Rf6 42. Kg1 hxg3 43. Nxg3
1-0

[Event "NED-ch53"]
[Site "Rotterdam"]
[Date "1998.06.27"]
[Round "6"]
[White "Van der Wiel, John"]
[Black "Van der Sterren, Paul"]
[Result "1/2-1/2"]
[WhiteElo "2525"]
[BlackElo "2550"]
[Annotator "Mikhalevski,V"]
[PlyCount "82"]
[EventDate "1998.06.21"]
[EventType "tourn"]
[EventRounds "11"]
[EventCountry "NED"]
[EventCategory "12"]
[SourceTitle "CBM 066"]
[Source "ChessBase"]
[SourceDate "1998.09.30"]
[SourceVersion "1"]
[SourceVersionDate "1998.09.30"]
[SourceQuality "1"]

1. e4 e5 2. Nf3 Nc6 3. d4 exd4 4. Nxd4 Bc5 5. Nxc6 Qf6 6. Qd2 dxc6 7. Nc3 Be6
8. Na4 Rd8 9. Bd3 Bd4 10. O-O b5 11. Nc3 (11. c3 $5 Be5 (11... bxa4 12. cxd4
Qxd4 13. Qg5 $1 h6 (13... Nf6 $5) 14. Qg3 Nf6 15. Bc2 $8 Nxe4 $1 16. Qa3 $1 Nd6
$1 17. Rd1 Qc4 18. Bxa4 O-O 19. Be3 $14 {1/2-1/2 Shaked,T-Gligoric,S/Cannes
Generations 1998}) 12. f4 bxa4 13. fxe5 Qxe5 14. Qe2 Nf6 15. Bf4 Qh5 16. Qc2
O-O 17. Rae1 Bxa2 18. Qxa4 Rxd3 19. Qxa2 Qc5+ 20. Kh1 Re8 21. Bxc7 Rd7 22. e5
Ng4 23. b4 Qd5 24. Qxd5 cxd5 25. Bd6 f6 26. exf6 Rxe1 27. f7+ Rxf7 {1/2-1/2
Relange,E-Smyslov,V/Cannes mT 1996}) 11... Ne7 {the main line.} (11... Nh6 {
is very rare alternative,but looks playable.} 12. Ne2 (12. a4 Ng4 13. axb5 Be5
14. g3 h5 15. Qg5 h4 16. Qxf6 gxf6 17. Ne2 hxg3 18. hxg3 Nh2 19. f4 Bd6 20. f5
Bd7 21. Rd1 Bc5+ 22. Kg2 Ng4 23. Rh1 Rxh1 24. Kxh1 cxb5 25. Bf4 Bb6 26. Kg2 Bc6
27. Nc3 b4 28. Bb5 Bxb5 29. Nxb5 Ne5 30. c3 c6 31. Nd4 Bxd4 32. cxd4 Rxd4 33.
Rxa7 Rxe4 34. Bxe5 Rxe5 35. Rc7 Rc5 36. b3 Rc3 {Sziebert,A-Acs,P/Budapest FS08
GM 1995/1/2-1/2 (59)}) 12... Bb6 13. h3 Bc4 14. Qf4 Qxf4 15. Nxf4 Bxd3 16. Nxd3
Ng8 17. a4 Ne7 18. Bf4 a5 19. b4 axb4 20. Nxb4 O-O 21. a5 Bd4 22. Ra2 c5 23.
Nd5 Nxd5 24. exd5 Rxd5 25. Bxc7 Ra8 26. g4 f5 27. Kg2 fxg4 28. hxg4 Rd7 29. Bf4
Rda7 30. c3 Bxc3 31. Be3 Rxa5 32. Rxa5 Rxa5 33. Bxc5 b4 34. Bb6 Ra6 35. Bc5 b3
36. Rd1 b2 37. Rd8+ Kf7 38. Rb8 Ra1 39. Rb7+ Ke6 {0-1 Koskoska,G-Kim,O/Erevan
olw 1996}) 12. a4 {It was introduced by Nunn in his game against Flear in 1994
(see below).Current game is second try.} (12. Kh1 {is more popular.} Qh4 (12...
Qg6 13. Ne2 O-O (13... Bb6 $5) 14. Nxd4 Rxd4 15. Qg5 $14 {1-0 Turzo,A-Andrade,
J/EU-chJM U18 1996 (53)}) 13. Ne2 Bb6 14. a4 a6 (14... O-O 15. Qf4 Qxf4 16.
Bxf4 bxa4 17. Nc3 c5 18. Rxa4 Rd4 $13 {1-0 Koskoska,G-Lang,H/Erevan olw 1996 
(38)}) 15. axb5 (15. Qf4 Qxf4 16. Nxf4 Bc8 17. Be2 O-O 18. Nd3 f5 19. e5 Nd5
20. Bg5 Rde8 21. Bh5 Re6 22. Rfe1 f4 23. axb5 axb5 24. Ra8 h6 25. Bxf4 Bxf2 26.
Nxf2 Nxf4 27. Bf3 Bd7 28. Ra7 Nxg2 29. Bxg2 Rxf2 30. Rxc7 Rd2 31. Bh3 Rxe5 32.
Rxe5 Bxh3 33. Re8+ Kh7 34. Re1 Bg2+ 35. Kg1 Bd5 36. Ree7 Rg2+ 37. Kf1 h5 38. h4
Kh6 39. Ke1 Rg4 {Chandler,M-Khalifman,A/BL9394 1994/1/2-1/2 (51)}) 15... axb5
16. Ng3 O-O 17. Qe2 Kh8 18. Be3 f5 19. Bxb6 cxb6 20. exf5 Bxf5 21. Nxf5 Nxf5
22. Ra7 Rde8 23. Rf7 Nd6 24. Re1 Rg8 25. Re7 Rxe7 26. Qxe7 Qxe7 27. Rxe7 Re8
28. Rxe8+ Nxe8 29. f4 Nd6 30. g4 g6 31. Kg2 b4 32. Kf3 Kg7 33. h4 c5 34. Ke3 {
1/2-1/2 Wells,P-Gretarsson,H/Berliner Sommer 1995}) 12... a6 $146 (12... b4 $1
{leads to an active counterplay and is enough for equality.} 13. Ne2 c5 $1 14.
Nxd4 Qxd4 15. Qf4 c4 16. Be2 Ng6 17. Qxc7 O-O $1 18. c3 (18. Bf3 Ne5) 18...
bxc3 19. bxc3 Qxc3 20. Bg5 Rd7 21. Qc5 {1/2-1/2 Nunn,J-Flear,G/Isle of Man op
1994}) 13. Qf4 {White's idea is using better pawn structure in the endgame.}
Qxf4 (13... Bxc3 $6 14. bxc3 Qxc3 15. Ra3 {[%cal Gf4c7]} (15. Bd2 $5)) (13...
O-O $6 14. Qxc7) (13... Rc8 14. Ne2 (14. Qxf6 Bxf6 15. axb5 axb5 16. Be3 $5 {
[%cal Gf2f4]} (16. f4 Bd4+ 17. Kh1 f6)) 14... Qxf4 15. Nxf4) 14. Bxf4 Rc8 (
14... Rd7 $5 15. axb5 axb5 16. Ra8+ Rd8 17. Rxd8+ (17. Rfa1 Kd7 $1 {[%cal
Ge7g6]}) 17... Kxd8 18. Rd1 Bxc3 (18... Kc8 $2 19. Bxb5 $1 Bxc3 $140 20. Ba6+
Kb8 21. bxc3 $18) 19. bxc3 (19. Bxb5+ $2 Bd7 $1) 19... Kc8) 15. Rfe1 {[%cal
Gf4e3] White has to do something with a strong bishop on"d4".Van der Wiel
decide to change it by playing Be3.} ({Another option was to play} 15. Rfb1 $5
{[%cal Gc3e2] with an idea to expel the bishop on "d4" by knight.It looks a
bit artificial,but probably is not so bad.} Ng6 16. Bg3) 15... O-O 16. Be3 {
every changed peace advances White to the win.} Bxe3 (16... Rfd8 $5 17. Bxd4
$140 Rxd4 18. axb5 axb5 19. Ra7 Ng6) 17. Rxe3 Rfd8 18. f4 $14 {[%cal Gf4f5,
Gg2g4] Extra pawn on king side goes forward.} f6 {is necessary.Otherwise White
would play f4-f5,then g2-g4 restricting the bishop and finally preparing e4-e5.
} ({but not} 18... g6 $6 19. Rf1 {[%cal Gf4f5]}) 19. axb5 axb5 20. f5 Bf7 21.
e5 fxe5 22. Rxe5 Kf8 (22... Nd5 23. Nxd5 {I think White wouldn't have anything
against one more change.It moves him nearer to the ideal-pawn ending!}) 23. Ne4
{[%cal Ge4g5,Ge4c5]} (23. Rae1 {looks more logical.}) 23... Rd5 24. Nc5 $5 (24.
Rxd5 $5 Nxd5 (24... cxd5 25. Ng5) 25. Nc5 {leads to the game position.}) 24...
Rcd8 (24... Rxe5 25. Nd7+ Kg8 26. Nxe5 $14) 25. Rxd5 (25. Rae1 $5 Rxe5 26. Rxe5
Rd5 27. g4 {[%cal Gg1f2,Gf2f3,Gf3f4] and White is still clearly better.}) 25...
Nxd5 26. Re1 $6 (26. Be4 $142 $1 {[%cal Gg1f2,Gf2f3,Gg2g4,Gh2h4] prevanting
Nb4 and going on with the plan of strengthening position by playing Kg1-f2-f3
and then advancing "g" and "h"pawns.}) 26... Nb4 $1 {[%cal Gd8d5] Now Black
get counter-chances.} 27. Be4 (27. Ne6+ $2 Bxe6 28. fxe6 Ke7 $1 (28... Kg8 $2
29. Be4 $16) 29. Bxh7 Rd2 {[%csl Rb2,Rc2,Re6]}) (27. Re5 $1 {against Rd5.} Nxd3
28. cxd3 $1 {and white is still better thanks to strong knight on "c5" and an
extra pawn on the king side.}) 27... Rd2 28. c3 Nc2 29. Rc1 Ne3 30. Re1 Nc2 31.
Rc1 Ne3 32. Bxc6 {White can't submit with a draw.} (32. Re1 $11) 32... Rxb2 {
[%csl Rf5]} 33. Nd7+ $1 Kg8 (33... Ke7 $4 34. Re1 Kd6 35. Rxe3 Kxc6 36. Ne5+
$18) 34. Ne5 (34. Ra1 Bd5 $1) 34... Nxf5 35. Ra1 $1 {[%cal Ga1a8,Ga1a7]} (35.
Rf1 Ne7 $1 (35... Be6)) 35... Ra2 (35... Ba2 $4 36. Rxa2) (35... Kf8 $4 36. Rf1
$18 {[%cal Gg2g4]}) (35... g6 $5 36. Ra8+ Kg7 37. Ra7 Ne7 $1 $11) 36. Rd1 $1 (
36. Rxa2 Bxa2 37. Bxb5 $11) (36. Rf1 $143 Ne7 $1 {[]} (36... Be6 $4 37. Rxf5))
36... Nd6 $8 37. Nxf7 Nxf7 38. Bxb5 (38. Re1 $3 {The fantastic position has
arised.Black a pawn up,but has to be very careful not to lose two pawns at
once.} g6 39. Re8+ $1 Kg7 40. Re7 Ra1+ $1 (40... Rd2 $6 41. Rxc7 (41. Bxb5 $143
Rd1+ 42. Kf2 Rd5 43. Bc4 Rf5+ $14) 41... Kf6 42. Bxb5 $16 {/+/=}) 41. Kf2 Kf6 (
41... Ra2+ $2 42. Ke3 Ra1 43. Rxc7 $16) 42. Rxc7 Ra2+ $1 (42... Rb1 $5) 43. Ke3
$1 (43. Kg3 Nd6 $1 {[%csl Rc3][%cal Ga2a3]}) 43... Ne5 44. Bxb5 Rxg2 45. Rxh7
Rc2 $1 (45... Rxh2 $4 46. Rxh2 Ng4+ 47. Kf3 Nxh2+ 48. Kg3 $18 {[%csl Rh2]}) 46.
Kd4 Nf3+ 47. Kd3 Rxh2 $11) 38... Nd6 39. Bc6 (39. Rxd6 $4 Ra1+ 40. Kf2 cxd6)
39... Rc2 (39... Kf8 $5) 40. Rd3 (40. Rf1 $142 {[%cal Gf1f3]}) 40... Kf7 41.
Rf3+ Ke7 $11 1/2-1/2

[Event "Vlissingen HZ op 03rd"]
[Site "Vlissingen"]
[Date "1999.08.14"]
[Round "6"]
[White "Baklan, Vladimir"]
[Black "Mikhalevski, Victor"]
[Result "1/2-1/2"]
[WhiteElo "2591"]
[BlackElo "2516"]
[Annotator "Mikhalevski,V"]
[PlyCount "31"]
[EventDate "1999.08.09"]
[EventType "swiss"]
[EventRounds "7"]
[EventCountry "NED"]
[SourceTitle "EXT 2000"]
[Source "ChessBase"]
[SourceDate "1999.11.16"]
[SourceVersion "1"]
[SourceVersionDate "1999.11.16"]
[SourceQuality "1"]

1. e4 e5 2. Nf3 Nc6 3. d4 exd4 4. Nxd4 Nf6 5. Nxc6 bxc6 6. e5 Qe7 7. Qe2 Nd5 8.
c4 Ba6 9. g3 g6 10. b3 Bg7 11. Bb2 O-O-O (11... O-O {is another option.}) 12.
f4 $5 $146 {[%mdl 8] An interesting novelty.It's strange enough,but this move
have never been played yet.} ({Earlier} 12. Bg2 {was played almost
automatically.}) 12... f6 $1 {Accepting the challenge.} 13. Qf2 $5 {[%cal
Gc4d5,Gf2a7] Probably most dangerous for Black continuation.} (13. e6 $2 f5 $1)
(13. exf6 $5 {leads into complicate endgame where White is probably slightly
better.} Qxe2+ (13... Qb4+ 14. Qd2 (14. Nd2 Bxf6) 14... Rhe8+ (14... Qxd2+ 15.
Nxd2 (15. Kxd2 Nxf6 16. Kc2 $5 $13) 15... Rhe8+ 16. Kd1 Nxf6 $13 (16... Bxf6 $4
17. cxd5)) 15. Kd1 Qxd2+ 16. Nxd2 Nxf6 $13 (16... Bxf6 $4 17. cxd5)) 14. Bxe2
Bxf6 $1 15. Bxf6 (15. cxd5 $2 Bxb2 16. Bxa6+ Kb8) 15... Nxf6 {/\Rhe8,d5}) ({
As variations show} 13. Qd2 {is worse than 13.Qf2:} Nb6 14. c5 $8 Bxf1 15. cxb6
Bb5 $1 16. a4 (16. bxc7 Kxc7 17. Qa5+ Kb7 18. a4 Ba6 19. Nc3 fxe5 20. O-O-O e4
$1 $17 (20... exf4 $2 21. Rhe1 Qf7 22. Ne4 $1)) (16. Qa5 $2 fxe5 $1 17. Qxa7
exf4+ 18. Kd1 Qe2+ 19. Kc1 Bxb2#) 16... Ba6 17. Qa5 Kb7 18. bxc7 Rde8 $1 19.
Nc3 fxe5 (19... d5 $2 {/\Qc7} 20. Nxd5 $1 {/\Nb4} (20. Nb5 $2 fxe5 21. Ba3 {
/\Nb6} c5 $1) 20... cxd5 21. Qxd5+ Kxc7 22. Ba3 $1 (22. Rc1+ Kb8) 22... Rd8
$140 23. Qa5+ $1) 20. O-O-O d5 $1 $17 (20... exf4 $2 21. Rhe1 $1 Qxe1 22. c8=Q+
$1) (20... e4 $2 21. c8=Q+ $1 Rxc8 22. Nxe4 $1 Bxb2+ (22... Qxe4 23. Bxg7 $1 (
23. Rxd7+ $2 Ka8)) 23. Kxb2 Qxe4 24. Rxd7+ Kb8 25. Qxa6 $18) 21. Nxd5 $140 cxd5
22. Qxd5+ Kxc7 23. Rhe1 {[%cal Ge1e5] /\R:e5} e4 $19) 13... Nb6 $1 {This
almost forced move took about 40 minutes of thinking.The reason is very simple:
in both lines(13...fe and 13...Nb6) I couldn't find any sensible defence.} ({
Piece sacrifice by means of} 13... fxe5 $2 {doesn't work} 14. cxd5 exf4+ 15.
Kd1 Bxf1 (15... Bb7 $142 $16) 16. Bxg7 $1 Qxg7 (16... fxg3 17. Qxa7 $1 Qe2+ 18.
Kc1 Qe1+ 19. Kb2 Qe2+ 20. Ka3 Qe7+ 21. b4) (16... Be2+ 17. Kc1 $1) 17. Qxa7 $1
{[%csl Rc8]} d6 18. dxc6 $18 {[%csl Rc8]}) 14. c5 Bxf1 15. cxb6 fxe5 $3 {
[%mdl 512] The only move and strong piece sacrifice.Calculating 13...Nb6 I was
considering only 15...Ba6 for a long time and only after I have finally
realised that it leads to a very bad position in all lines I had found 15...
fe!! which is without any doubt most difficult move of the game.} (15... Ba6 $2
16. bxc7 Qb4+ {Other moves are even worse:} (16... Kxc7 17. Qxa7+ Bb7 18. Nc3
$1 {[%csl Rc7][%cal Gc3d5,Gc3b5,Ga1c1] /\Nd5;Nb5} (18. Ba3 d6 $1) 18... Qb4 19.
O-O Ra8 20. Rac1 $3 $16) (16... Rde8 17. Qxa7 $1 (17. Ba3 c5 $1) 17... Qb4+ 18.
Kd1 $1 (18. Nd2 Qb7 $13) 18... Qb7 19. Qxb7+ Kxb7 20. exf6 $18) 17. Kd1 $1 Rdf8
(17... Rde8 18. Qxa7 Qb7 19. Qxb7+ Kxb7 20. exf6 $18) (17... Kxc7 18. Qxa7+ Bb7
(18... Qb7 19. Qxb7+ Kxb7 20. exf6 $18) 19. exf6 Qd6+ 20. Qd4) 18. Qxa7 (18.
Ba3 Qe4 19. Re1 $5 (19. Qxa7 Qxh1+ $13)) 18... Qb7 19. Qxb7+ Kxb7 20. exf6 Bxf6
21. Bxf6 Rxf6 22. Nc3 $16 {+/=}) 16. Rxf1 {Last move of the game!I have to
admit that both players were already short of time while position is very
complicated.Here is the possible developing of events:} (16. Kxf1 $5 {During
the game I thought this move leads to a very dangerous attack,but analyse
shows that not everything is so simple:} exf4 $1 17. Nc3 $5 (17. g4 $5 {
is also interesting} Qe4 $5 (17... axb6) 18. bxa7 $5 (18. Kg1 $2 Bxb2 19. Qxb2
(19. bxa7 Kb7) 19... Qe1+ 20. Kg2 f3+ $19 {[%csl Rh1]}) (18. Rg1 $2 f3 $1 {
[%cal Ge4d3] /\Qd3} 19. Qd2 Qe2+ $1 20. Qxe2 fxe2+ 21. Kxe2 Bxb2 $19 {[%csl
Ra1]}) (18. Bxg7 $5 Qxh1+ 19. Qg1 (19. Ke2 $2 Rhe8+ 20. Kd2 axb6 $19 21. Bf6
$140 Qd5+ 22. Kc1 (22. Kc2 Re3 $1 {[%csl Rc2][%cal Gd5d3,Ge3e2]}) 22... Qd3 $1
{[%cal Ge8e2]}) 19... Qf3+ 20. Qf2 Qd1+ 21. Qe1 (21. Kg2 Qxg4+) 21... Qxe1+ (
21... Qd3+ 22. Qe2) 22. Kxe1 Rhe8+ 23. Kf2 cxb6 $140 (23... Re3 $5) 24. Bf6 $13
{[%csl Rd8]}) 18... Qxh1+ 19. Qg1 $5 (19. Ke2 Rhe8+ 20. Kd2 Qd5+ 21. Kc2 Qe4+
22. Kd2 $5 (22. Kd1 Kb7 23. Bxg7 f3 24. Nc3 Qxg4 $15) 22... Kb7 (22... Qe3+ 23.
Qxe3 fxe3+ 24. Ke2 $1 Kb7 25. Bxg7 d5 $36) (22... Qd5+ $11) 23. Bxg7 f3 (23...
Qe3+ $5 24. Qxe3 fxe3+ 25. Ke2 d5 $36) 24. Nc3 Qxg4 $15) 19... Qf3+ 20. Qf2
Qd1+ (20... Qh1+ $11) 21. Qe1 Qxe1+ 22. Kxe1 Kb7 23. Bxg7 Rhe8+ 24. Kf2 $13) (
17. bxa7 $2 {A serious mistake as the b-pawn has to stay on b6 creating the
threat of mate in case of fg Q:g3 which is very important as a tempo in
defence.} Kb7 18. Nc3 (18. gxf4 Bxb2 19. Qxb2 Rhf8 20. a8=Q+ (20. Qd2 Qe5 21.
Kg2 Rxf4 22. Re1 Rg4+ 23. Kh1 Qxa1 $19) (20. Qd4 Qg5 21. a8=Q+ Kxa8 (21... Rxa8
$4 22. Qb4+ $11) 22. Qa4+ Kb7 23. Qb4+ Kc8 $19) 20... Rxa8 (20... Kxa8 $2 21.
Qa3+) 21. Qd2 (21. Qd4 g5 $19 (21... Qg5 $4 22. Qb4+ $11)) 21... Qe4 $1 (21...
Qe5 $4 22. Qb4+ $11) 22. Kg1 Rxf4 23. h3 Rf1+ 24. Kxf1 Qxh1+ 25. Ke2 Re8+ 26.
Kd3 Qf3+ $19) 18... fxg3 19. Qxg3 Rhf8+ 20. Kg2 (20. Kg1 Bd4+ 21. Kg2 Rf2+ 22.
Qxf2 Bxf2 $19 23. Kxf2 $140 Rf8+ 24. Kg2 Qg5+ 25. Kh3 Rf3#) 20... Bxc3 $1 21.
Bxc3 Qe4+ 22. Kg1 Rf3 23. Qg5 Rf4 $1 $19 {[%cal Gf4g4,Ge4e3]}) 17... fxg3 (
17... Rhf8 18. bxa7 Kb7 19. g4 $1 (19. gxf4 Bxc3 20. Bxc3 Qe4 21. Kg1 Rxf4 $19)
19... Qe3 $44) 18. Qxg3 {[%cal Rg3c7] /\Qc7.That's why ba shouldn't be played.}
(18. bxa7 $2 Kb7 {-17.ba?}) 18... axb6 $44 {[%csl Rf1]}) (16. Rxf1 {Baklan}
exf4+ 17. Kd1 fxg3 (17... Qd6+) 18. Qxg3 $1 axb6 19. Bxg7 Qxg7 20. Nc3 d5 $1
$36 {It's very rarely happens that such a short game can be so rich in content!
}) 1/2-1/2

[Event "EU-Cup 13th Group3"]
[Site "Slough"]
[Date "1997.09.23"]
[Round "2"]
[White "Hoen, Ragnar Harald"]
[Black "Miles, Anthony John"]
[Result "0-1"]
[WhiteElo "2335"]
[BlackElo "2595"]
[Annotator "Mikhalevski,V"]
[PlyCount "64"]
[EventDate "1997.09.22"]
[EventType "team-k.o."]
[EventRounds "3"]
[EventCountry "ENG"]
[SourceTitle "EXT 2020"]
[Source "ChessBase"]
[SourceDate "2019.10.17"]
[SourceVersion "1"]
[SourceVersionDate "2019.10.17"]
[SourceQuality "1"]
[WhiteTeam "Oslo Schakselkap"]
[BlackTeam "Slough Chess Club"]
[WhiteTeamCountry "NOR"]
[BlackTeamCountry "ENG"]

1. e4 e5 2. Nf3 Nc6 3. d4 exd4 4. Nxd4 Bb4+ 5. c3 Bc5 6. Be3 (6. Nxc6 bxc6 7.
Bd3 Qh4 8. Qe2 Nf6 9. h3 O-O 10. g3 Qh5 11. g4 Qe5 12. g5 Nxe4 13. Bxe4 Re8 14.
Bf3 Qxe2+ 15. Bxe2 Ba6 16. c4 Bxc4 17. Nc3 Rab8 18. Kf1 Be6 19. b3 f6 20. gxf6
Bd4 21. Bb2 Bxf6 22. Na4 Bh4 23. Nc5 Rf8 24. Rh2 Bxh3+ 25. Kg1 Rbe8 26. Nxd7
Bxf2+ 27. Rxf2 Bxd7 28. Bc4+ Be6 29. Rxf8+ Kxf8 30. Rf1+ Ke7 31. Bxe6 {1-0
Kasparov,G-Leko,P/Fontys 1997/CBM 61}) 6... Bb6 7. Nd2 Nge7 8. Nc4 (8. Bd3 Ne5
9. Nc4 d6 10. Nxb6 axb6 11. O-O O-O 12. Be2 f5 13. exf5 Nxf5 14. Nxf5 Rxf5 15.
f4 Nc6 16. Bd3 Rf6 17. Qc2 h6 {- Zahariev,Z-Miles,A/7th Open 1997/EXT 97}) 8...
Bxd4 $1 9. Bxd4 (9. cxd4 d5 10. exd5 Nxd5 $10) 9... O-O 10. Bd3 (10. Be2 $5)
10... d5 11. Ne3 (11. exd5 $6 Nxd4 12. cxd4 (12. d6 $2 Nef5 13. cxd4 Re8+ $17)
12... Nxd5 $15) 11... Nxd4 12. cxd4 dxe4 13. Bxe4 f5 $5 (13... c6 $5 14. O-O
Be6 $15) 14. Bf3 (14. Bc2 $6 f4 15. Qh5 Ng6 $1 (15... g6 16. Bb3+ Kg7 17. Qe5+
Kh6 $17)) 14... f4 15. Qb3+ (15. Nc4 Nf5 16. O-O (16. d5 Re8+ $17) 16... Nxd4
$17) 15... Kh8 16. Nc2 Nf5 17. O-O-O (17. O-O $5 Nxd4 18. Nxd4 Qxd4 19. Rfe1
$44) 17... a5 $5 (17... Nh4 $5 18. Rhe1 Qd6 (18... Nxf3 $5 19. Qxf3 Qd6)) 18.
Rhe1 Ra6 19. d5 (19. Re5 $142 $1 Rd6 20. Qd3 {/\Be4} (20. Qc3 $5)) 19... Rd6
20. Qc3 b6 {/\21...Bb7} 21. Nd4 Nxd4 22. Rxd4 c6 23. Qd2 (23. Re5 Bb7 24. Qd2
cxd5 25. Rxf4 Rdf6 $1 26. Rxf6 (26. Rd4 $4 Qc7+) 26... Qxf6 27. Re1 Qg6 $15)
23... cxd5 (23... Bf5 $142 $1 24. Re5 (24. Rxf4 cxd5 {see 24.R:f4}) 24... Bg6 (
24... cxd5 25. Rexd5 Qc7+ 26. Kd1 Rxd5 27. Bxd5 $13 (27. Rxd5 Be6 28. Rd6 Bxa2
$17)) 25. Rxf4 Rxf4 26. Qxf4 cxd5 27. Kd2 Rd7 $1 $15 {><d2} (27... d4 $140 $2
28. Re8+ $1 Qxe8 (28... Bxe8 $4 29. Qf8#) 29. Qxd6 $16)) 24. Rxf4 $2 (24. Rxd5
Rxd5 25. Qxd5 Bf5 26. Qxd8 Rxd8 27. Re5 $1 g6 28. Be4 $14) 24... Bf5 $1 {><c1}
25. Re5 $2 (25. Kd1 $5) 25... Qc7+ 26. Kd1 Rdf6 27. Qe3 $2 {The last part in
the chain of the white's mistakes.Now the position of white is hopeless.} (27.
Qd4 $142 Qc2+ (27... Bc2+ 28. Kd2 Be4 $1 (28... Rxf4 29. Qxf4 Qc5 (29... Rxf4
$4 30. Re8+) 30. Qe3) 29. Rxf6 gxf6 30. Re6 Qc2+ 31. Ke3 Bxf3 32. gxf3 (32.
Kxf3 Qf5+) 32... Qc1+ 33. Ke2 Rc8 $1 34. Qxf6+ Kg8 $40) 28. Ke1 Qb1+ 29. Bd1 (
29. Kd2 Rc6 $1 $19) 29... Qxa2 $15) 27... Qc2+ $19 28. Ke1 Qb1+ 29. Bd1 Bc2 30.
Rd4 Bxd1 31. Rxd1 Qxb2 32. f3 $2 (32. Qd4 Rxf2 33. Qxb2 Rxb2 $19) (32. Rd2 Qa1+
33. Rd1 (33. Ke2 Rxf2+ 34. Qxf2 Rxf2+ 35. Kxf2 Qxe5) 33... Qxa2 $19) 32... Qxg2
0-1